[Event "AUTO-BEG-259"]
[Site "http://www.queenalice.com/game.php?id=482216"]
[Date "2008.10.24"]
[Round "1"]
[White "Dayanamatos"]
[Black "thekiller"]
[Result "0-1"]
[WhiteElo "1023"]
[BlackElo "1082"]

1. e4 e5 2. Nf3 d6 3. Bd3 Bg4 4. O-O Nf6 5. h3 Bxf3 6. gxf3 Nh5 7. Nc3 Qh4 8.
Kh2 Qf4+ 9. Kg1 c6 10. b4 f5 11. exf5 d5 12. h4 Qxh4 13. Ne2 Bd6 14. Ba3 e4 15.
fxe4 Qh2# 0-1

[Event "AUTO-BEG-259"]
[Site "http://www.queenalice.com/game.php?id=482217"]
[Date "2008.10.24"]
[Round "1"]
[White "thekiller"]
[Black "Dayanamatos"]
[Result "1-0"]
[WhiteElo "900"]
[BlackElo "1046"]

1. e4 e5 2. Bc4 Nf6 3. d3 Bd6 4. Bg5 O-O 5. Nf3 h6 6. Bxf6 gxf6 7. Nh4 b6 8. Qh5
Nc6 9. Qxh6 Re8 10. Nf5 Bb4+ 11. c3 Bc5 12. Qg7# 1-0

[Event "AUTO-OPEN-1326"]
[Site "http://www.queenalice.com/game.php?id=488154"]
[Date "2008.11.5"]
[Round "1"]
[White "SacMaster"]
[Black "thekiller"]
[Result "1-0"]
[WhiteElo "2053"]
[BlackElo "1576"]

1. e4 e5 2. Nc3 Nf6 3. g3 b6 4. Bg2 Bc5 5. Nge2 Nc6 6. d3 Nd4 7. Be3 c6 8. Na4
Be7 9. Nxd4 b5 10. Nc3 exd4 11. Bxd4 O-O 12. O-O b4 13. Ne2 c5 14. Bxf6 gxf6 15.
Nf4 d6 16. Re1 f5 17. exf5 Bxf5 18. Bxa8 Qxa8 19. Rxe7 Qc6 20. Qh5 Bg6 21. Qd5
Qa4 22. b3 Qb5 23. Rae1 Qb8 24. h4 h5 25. Nxg6 1-0

[Event "AUTO-OPEN-1326"]
[Site "http://www.queenalice.com/game.php?id=488155"]
[Date "2008.11.5"]
[Round "1"]
[White "thekiller"]
[Black "SacMaster"]
[Result "0-1"]
[WhiteElo "1576"]
[BlackElo "2055"]

1. e4 c5 2. Nf3 d6 3. Bb5+ Bd7 4. Bxd7+ Qxd7 5. d4 cxd4 6. Qxd4 Nf6 7. Bd2 Nc6
8. Qe3 g6 9. Nc3 Bg7 10. Nb5 O-O 11. Nbd4 Rac8 12. Nxc6 Qxc6 13. e5 Ng4 14. Qc3
Qe4+ 15. Be3 Rxc3 16. bxc3 Nxe3 17. fxe3 Qxe3+ 18. Kf1 Qxc3 19. Kf2 Bxe5 20.
Nxe5 Qxc2+ 21. Kg3 dxe5 22. Rhe1 f5 23. Rec1 Qe2 24. Re1 f4+ 25. Kh3 Qh5# 0-1

[Event "AUTO-OPEN-1326"]
[Site "http://www.queenalice.com/game.php?id=488172"]
[Date "2008.11.5"]
[Round "1"]
[White "gipmachado"]
[Black "thekiller"]
[Result "0-1"]
[WhiteElo "2002"]
[BlackElo "1560"]

1. e4 e5 2. Nf3 d6 3. d4 exd4 4. Nxd4 Nf6 5. Nc3 Nc6 6. Be3 Be7 7. Be2 Be6 8.
Nxe6 fxe6 9. O-O O-O 10. f4 d5 11. e5 Nd7 12. Bg4 d4 13. Bxe6+ Kh8 14. Bxd4 Nxd4
15. Bxd7 Qxd7 16. Ne2 Nxe2+ 17. Qxe2 Qd4+ 18. Qf2 Qxf2+ 19. Rxf2 Bc5 0-1

[Event "AUTO-OPEN-1326"]
[Site "http://www.queenalice.com/game.php?id=488173"]
[Date "2008.11.5"]
[Round "1"]
[White "thekiller"]
[Black "gipmachado"]
[Result "1-0"]
[WhiteElo "1560"]
[BlackElo "2002"]

1. e4 e5 2. d4 exd4 3. Qxd4 Nc6 4. Qe3 d6 5. Nf3 Nf6 6. Bd3 Be7 7. Nc3 O-O 8. b3
Be6 9. Bb2 Nd7 10. O-O-O Bf6 11. Bb5 a6 12. Bxc6 bxc6 13. e5 Nxe5 14. Nxe5 Bxe5
15. f4 Bf6 16. h3 Qb8 17. g4 Qb4 18. h4 c5 19. f5 Bd4 20. Qf3 1-0

[Event "Challenge"]
[Site "http://www.queenalice.com/game.php?id=494879"]
[Date "2008.11.18"]
[Round "-"]
[White "thekiller"]
[Black "Hagi"]
[Result "0-1"]
[WhiteElo "1616"]
[BlackElo "1558"]

1. e4 e5 2. d4 Bd6 3. d5 Nf6 4. Nc3 h6 5. Bd3 O-O 6. Qf3 Na6 7. Bxa6 bxa6 8. a4
c6 9. a5 Bb4 10. Ne2 Bxa5 11. O-O c5 12. b3 d6 13. Qg3 Ng4 14. h3 g5 15. hxg4 f6
16. Qh3 Kg7 17. g3 Bb4 18. Ba3 a5 19. Bxb4 axb4 20. Nb5 a6 21. Kg2 Bb7 22. Rh1
Rh8 23. f4 a5 24. fxe5 dxe5 25. Ng1 Bc8 26. Nf3 Bd7 27. Nd6 Qb8 28. Nf5+ Bxf5
29. gxf5 Qb5 30. Rae1 a4 31. Qh5 Kf8 32. Qg6 Ra6 33. Rxh6 Rg8 34. Qh5 Qe8 35.
Qh4 gxh4 36. Nxh4 a3 37. Ng6+ Rxg6 38. Rxg6 a2 39. Ra1 Kf7 40. g4 Qh8 41. g5 Qh4
42. Rxf6+ Rxf6 43. gxf6 Qxe4+ 44. Kg3 Qxc2 0-1

[Event "AUTO-INT-1170"]
[Site "http://www.queenalice.com/game.php?id=522766"]
[Date "2009.1.15"]
[Round "1"]
[White "juim"]
[Black "thekiller"]
[Result "1-0"]
[WhiteElo "1583"]
[BlackElo "1581"]

1. e4 e5 2. d4 exd4 3. Qxd4 Nc6 4. Qd1 Bb4+ 5. c3 Bd6 6. Bb5 Nge7 7. Be3 a6 8.
Bxc6 Nxc6 9. Nf3 O-O 10. Nbd2 Ne5 11. Nxe5 Bxe5 12. O-O d6 13. Nc4 1-0

[Event "AUTO-INT-1170"]
[Site "http://www.queenalice.com/game.php?id=522767"]
[Date "2009.1.15"]
[Round "1"]
[White "thekiller"]
[Black "juim"]
[Result "0-1"]
[WhiteElo "1598"]
[BlackElo "1566"]

1. e4 d5 2. e5 g6 3. d4 Bf5 4. Nf3 e6 5. Nh4 Be4 6. Nd2 Qxh4 7. g3 Qe7 8. f3 Bf5
9. g4 Bxc2 10. Qxc2 Bh6 11. b3 Nd7 12. h4 O-O-O 0-1

[Event "AUTO-INT-1170"]
[Site "http://www.queenalice.com/game.php?id=522782"]
[Date "2009.1.15"]
[Round "1"]
[White "An0nymous"]
[Black "thekiller"]
[Result "0-1"]
[WhiteElo "1338"]
[BlackElo "1597"]

1. e4 e5 2. Qh5 Nc6 3. Qd1 Nf6 4. f3 Be7 5. Bb5 a6 6. Bxc6 bxc6 7. d3 d5 8. Bg5
h6 9. Bxf6 Bxf6 10. exd5 cxd5 11. c4 dxc4 12. dxc4 Qxd1+ 0-1

[Event "AUTO-INT-1170"]
[Site "http://www.queenalice.com/game.php?id=522783"]
[Date "2009.1.15"]
[Round "1"]
[White "thekiller"]
[Black "An0nymous"]
[Result "1-0"]
[WhiteElo "1591"]
[BlackElo "1344"]

1. e4 e5 2. Qh5 Nc6 3. Bc4 Nh6 4. d3 g6 5. Qf3 f5 6. Bxh6 Bxh6 7. exf5 Nd4 8.
Qd1 d6 9. fxg6 hxg6 10. h4 Bg5 11. Nf3 Nxf3+ 12. Qxf3 1-0

[Event "AUTO-OPEN-1403"]
[Site "http://www.queenalice.com/game.php?id=522992"]
[Date "2009.1.15"]
[Round "1"]
[White "An0nymous"]
[Black "thekiller"]
[Result "0-1"]
[WhiteElo "1351"]
[BlackElo "1584"]

1. e4 e5 2. Qh5 Nc6 3. Qd1 Nf6 4. f3 Bc5 5. Nc3 d5 6. d3 Bxg1 7. Rxg1 d4 8. Nd5
Nxd5 9. exd5 Ne7 10. Bg5 f6 11. Bd2 Nxd5 0-1

[Event "AUTO-OPEN-1403"]
[Site "http://www.queenalice.com/game.php?id=522993"]
[Date "2009.1.15"]
[Round "1"]
[White "thekiller"]
[Black "An0nymous"]
[Result "1-0"]
[WhiteElo "1577"]
[BlackElo "1358"]

1. e4 e5 2. Bc4 d6 3. Qf3 f6 4. Bxg8 Rxg8 5. Qh5+ Ke7 6. Qxh7 Kf7 7. Nc3 a6 8.
f4 exf4 9. Nf3 Bg4 10. Nh4 Ke7 11. Qxg8 Be6 12. Ng6+ 1-0